Rules of games and sports / (Record no. 69596)

MARC details
000 -LEADER
fixed length control field 00843nam a22002297a 4500
005 - DATE AND TIME OF LATEST TRANSACTION
control field 20120831143758.0
008 - FIXED-LENGTH DATA ELEMENTS--GENERAL INFORMATION
fixed length control field 120831t xxu||||| |||| 00| 0 eng d
010 ## - LCCN (DPL NO)
LC control number ENG-105738
020 ## - INTERNATIONAL STANDARD BOOK NUMBER
International Standard Book Number 9789381868034
Terms of availability 950.00
035 ## - SYSTEM CONTROL NUMBER
System control number EN-89271
037 ## - SOURCE OF ACQUISITION
Source of stock number/acquisition DBAD/PUB
040 ## - CATALOGING SOURCE
Original cataloging agency DPL
Language of cataloging Eng
082 ## - DEWEY DECIMAL CLASSIFICATION NUMBER
Classification number 796
245 ## - TITLE STATEMENT
Title Rules of games and sports /
Statement of responsibility, etc edited and compiled by Ashok Malik [and] Rajesh Vaidhya
260 ## - PUBLICATION, DISTRIBUTION, ETC. (IMPRINT)
Place of publication, distribution, etc New Delhi
Name of publisher, distributor, etc Lakshay Publication
Date of publication, distribution, etc 2012
270 ## - ADDRESS
Address 7/26, Ground Floor, Ansari Road, Daryaganj
City New Delhi
Postal code 110002
Electronic mail address lakshaythani@hotmail.com
300 ## - PHYSICAL DESCRIPTION
Extent 380p. :
Other physical details ill.
Dimensions 24cm(Hb)
700 ## - ADDED ENTRY--PERSONAL NAME
Personal name Malik, Ashok
9 (RLIN) 51909
700 ## - ADDED ENTRY--PERSONAL NAME
Personal name Vaidhya, Rajesh
9 (RLIN) 51910
942 ## - ADDED ENTRY ELEMENTS (KOHA)
Source of classification or shelving scheme Dewey Decimal Classification
Item type English Books
Classification part 796
Call number suffix RUL
Holdings
Withdrawn status Lost status Source of classification or shelving scheme Damaged status Not for loan Collection code Home library Current library Date acquired Source of acquisition Cost, normal purchase price Total Checkouts Full call number Barcode Date last seen Copy number Cost, replacement price Koha item type
    Dewey Decimal Classification   Not For Loan Non-fiction D.B.Act.Division D.B.Act.Division 31/08/2012 DBAD / PUB 950.00   796 RUL EN-89271 31/08/2012 1 950.00 English Books

© Delhi Public Library
Hit Counter
free hit counter